Statistics for 農林漁業従事者数の多い市町村ランキング

Click here to take the quiz!

General Stats

  • This quiz has been taken 50 times
  • The average score is 17 of 20

Answer Stats

順位都道府県市町村従事者数(人)% Correct
4熊本県熊本市11794
100%
11静岡県静岡市8363
98%
2新潟県新潟市12169
98%
6長野県長野市10021
98%
9宮崎県宮崎市9321
96%
12岡山県岡山市8302
96%
10神奈川県横浜市8983
93%
1静岡県浜松市14047
93%
7愛知県豊橋市9763
91%
3青森県弘前市11794
91%
13熊本県八代市7872
91%
17愛媛県松山市6872
87%
19長野県松本市6417
87%
18岩手県一関市6708
82%
20秋田県横手市6296
78%
16福岡県久留米市7308
76%
15岩手県奥州市7659
69%
5愛知県田原市10228
60%
8東京都特別区部9486
58%
14茨城県鉾田市7706
42%

Score Distribution

Percentile by Number Answered

Percent of People with Each Score

Your Score History

You have not taken this quiz